03447nam a22002537a 4500003000900000005001700009008004100026040002800067041000800095100005600103245023000159260005400389300005000443502010200493504005300595520218000648650004002828700005402868700004602922700005102968700003303019830008603052856005503138DO-CoUTE20260516154051.0260516b dr ||||| |||| 00| 0 spa d aDO-CoUTEbspacDO-CoUTE aspa1 a De La Cruz Del Rosario, Wandy MigueleSustentante 10aCaracterización Hidrogeológica Del Distrito Municipal Zambrana Abajo / cWandy Miguel De La Cruz Del Rosario, Solanlly Elisa Mendoza Soto, José Baudilio Hilario Castillo, Francisco Batista ; Asesor, Abel de Jesús Mota aCotuí, República Dominicana ; bUTECO, c2025 a154 Hojas :bImagenes ; c23cm, e+ 1 CD-ROM  a Trabajo de Grado (Ingeniero en Geología ) Universidad Tecnológica del Cibao Oriental, 2025.  aIncluye referencia bibliográfica e índice.  aEl Distrito Municipal Zambrana Abajo se encuentra a una altitud de 70 a 100 metros sobre el nivel del mar y posee una superficie de 138,01 km². La geología superficial del área está dominada principalmente por la Formación Los Ranchos, aunque también se observan afloramientos de otras unidades geológicas. En este contexto, la presente investigación se orienta a la caracterización hidrogeológica del Distrito Municipal Zambrana Abajo, con el propósito de comprender las condiciones geológicas e hidrogeológicas que controlan la disponibilidad y calidad de los recursos hídricos subterráneos. La historia geológica e hidrogeológica del área refleja la complejidad de la geología de la isla y los desafíos asociados a la explotación de aguas subterráneas y su calidad. En los últimos años, el desarrollo de la República Dominicana y el avance de la hidrogeología han estado marcados por la interacción entre factores geológicos, climáticos y estructurales, los cuales han influido en la configuración y comportamiento de los sistemas acuíferos. Los resultados evidencian la presencia de formaciones rocosas con distintos grados de permeabilidad. Los depósitos cuaternarios y algunas zonas fracturadas presentan el mayor potencial acuífero del área. Asimismo, el agua subterránea muestra variaciones significativas en sus parámetros químicos y en su calidad, permitiendo identificar tanto acuíferos con buenas condiciones como fuentes potencialmente vulnerables a procesos de contaminación, ya sea de origen natural o antrópico. El modelo conceptual desarrollado proporciona un marco integral para comprender el comportamiento del agua subterránea en el Distrito Municipal Zambrana Abajo, lo que permite identificar áreas con potencial para nuevas perforaciones, así como zonas que requieren acciones correctivas por su función como sitios aportadores. En conjunto, la investigación constituye una base científica y técnica para fortalecer la gestión del recurso hídrico, mejorar el acceso al agua en las comunidades rurales del distrito y promover su uso racional y sostenible. 4aCaracterización hidrogeológica 1 aWandy Miguel De La Cruz Del RosarioeSustentante 1 aSolanlly Elisa Mendoza SotoeSustentante 1 aJosé Baudilio Hilario CastilloeSustentante 1 aAbel de Jesús MotaeAsesor aTesis y disertaciones académicas (Universidad Tecnológica del Cibao Oriental) yHaga Click Aquí para Descargar en Texto Completo